<?xml version="1.0" encoding="UTF-8"?>
<record
    xmlns:xsi="http://www.w3.org/2001/XMLSchema-instance"
    xsi:schemaLocation="http://www.loc.gov/MARC21/slim http://www.loc.gov/standards/marcxml/schema/MARC21slim.xsd"
    xmlns="http://www.loc.gov/MARC21/slim">

  <leader>00647nam a22001577a 4500</leader>
  <controlfield tag="003">OSt</controlfield>
  <controlfield tag="005">20190823151353.0</controlfield>
  <controlfield tag="008">190823b        xxu||||| |||| 00| 0 eng d</controlfield>
  <datafield tag="040" ind1=" " ind2=" ">
    <subfield code="c">RUA</subfield>
  </datafield>
  <datafield tag="082" ind1=" " ind2=" ">
    <subfield code="a">AGR SEA 2017 B644 Or.1</subfield>
  </datafield>
  <datafield tag="100" ind1=" " ind2=" ">
    <subfield code="9">13855</subfield>
    <subfield code="a">SEA SREYPOV &#x179F;&#x17C0;&#x1784; &#x179F;&#x17D2;&#x179A;&#x17B8;&#x1796;&#x17C5;</subfield>
  </datafield>
  <datafield tag="245" ind1=" " ind2=" ">
    <subfield code="a">comparsion of different organic mulching yield and yield comporents of chinese cabbage ( Brassicaceae rapa var. chinensis) &#x1794;&#x17D2;&#x179A;&#x17C0;&#x1794;&#x1792;&#x17C0;&#x1794;&#x1782;&#x1798;&#x17D2;&#x179A;&#x1794;&#x179F;&#x179A;&#x17B8;&#x179A;&#x17B6;&#x1784;&#x17D2;&#x1782;&#x1781;&#x17BB;&#x179F;&#x17D7;&#x1782;&#x17D2;&#x1793;&#x17B6;&#x1793;&#x17C5;&#x179B;&#x17BE;&#x178A;&#x17C6;&#x178E;&#x17B6;&#x17C6;&#x179F;&#x17D2;&#x1796;&#x17C3;&#x178F;&#x17BF; </subfield>
  </datafield>
  <datafield tag="260" ind1=" " ind2=" ">
    <subfield code="a">RUA</subfield>
    <subfield code="b">phnom penh</subfield>
    <subfield code="c">2017</subfield>
  </datafield>
  <datafield tag="300" ind1=" " ind2=" ">
    <subfield code="a">ix,34p</subfield>
    <subfield code="b">ill;</subfield>
    <subfield code="c">29cm</subfield>
  </datafield>
  <datafield tag="942" ind1=" " ind2=" ">
    <subfield code="2">ddc</subfield>
    <subfield code="c">AGR</subfield>
  </datafield>
  <datafield tag="999" ind1=" " ind2=" ">
    <subfield code="c">18182</subfield>
    <subfield code="d">18182</subfield>
  </datafield>
  <datafield tag="952" ind1=" " ind2=" ">
    <subfield code="0">0</subfield>
    <subfield code="1">0</subfield>
    <subfield code="2">ddc</subfield>
    <subfield code="4">0</subfield>
    <subfield code="6">AGR_SEA_2017_000000000000000_B644_OR_1</subfield>
    <subfield code="7">0</subfield>
    <subfield code="9">81284</subfield>
    <subfield code="a">LBB</subfield>
    <subfield code="b">LBB</subfield>
    <subfield code="c">B644</subfield>
    <subfield code="d">2019-08-23</subfield>
    <subfield code="l">1</subfield>
    <subfield code="o">AGR SEA 2017 B644 Or.1</subfield>
    <subfield code="p">A43867</subfield>
    <subfield code="r">2020-11-23</subfield>
    <subfield code="s">2020-11-17</subfield>
    <subfield code="w">2019-08-23</subfield>
    <subfield code="y">AGR</subfield>
  </datafield>
  <datafield tag="952" ind1=" " ind2=" ">
    <subfield code="0">0</subfield>
    <subfield code="1">0</subfield>
    <subfield code="2">ddc</subfield>
    <subfield code="4">0</subfield>
    <subfield code="6">AGR_SEA_2017_000000000000000_B644_OR_2</subfield>
    <subfield code="7">0</subfield>
    <subfield code="9">81285</subfield>
    <subfield code="a">LBB</subfield>
    <subfield code="b">LBB</subfield>
    <subfield code="c">B644</subfield>
    <subfield code="d">2019-08-23</subfield>
    <subfield code="l">1</subfield>
    <subfield code="o">AGR SEA 2017 B644 Or.2</subfield>
    <subfield code="p">A43797</subfield>
    <subfield code="r">2024-12-09</subfield>
    <subfield code="s">2024-11-05</subfield>
    <subfield code="w">2019-08-23</subfield>
    <subfield code="y">AGR</subfield>
  </datafield>
  <datafield tag="952" ind1=" " ind2=" ">
    <subfield code="0">0</subfield>
    <subfield code="1">0</subfield>
    <subfield code="2">ddc</subfield>
    <subfield code="4">0</subfield>
    <subfield code="6">AGR_SEA_2017_000000000000000_B644_OR_3</subfield>
    <subfield code="7">0</subfield>
    <subfield code="9">81286</subfield>
    <subfield code="a">LBB</subfield>
    <subfield code="b">LBB</subfield>
    <subfield code="c">B644</subfield>
    <subfield code="d">2019-08-23</subfield>
    <subfield code="l">1</subfield>
    <subfield code="o">AGR SEA 2017 B644 Or.3</subfield>
    <subfield code="p">A43872</subfield>
    <subfield code="r">2021-12-29</subfield>
    <subfield code="s">2021-12-21</subfield>
    <subfield code="w">2019-08-23</subfield>
    <subfield code="y">AGR</subfield>
  </datafield>
  <datafield tag="952" ind1=" " ind2=" ">
    <subfield code="0">0</subfield>
    <subfield code="1">0</subfield>
    <subfield code="2">ddc</subfield>
    <subfield code="4">0</subfield>
    <subfield code="6">AGR_SEA_2017_000000000000000_B644_OR_4</subfield>
    <subfield code="7">0</subfield>
    <subfield code="9">81287</subfield>
    <subfield code="a">LBB</subfield>
    <subfield code="b">LBB</subfield>
    <subfield code="c">B644</subfield>
    <subfield code="d">2019-08-23</subfield>
    <subfield code="l">2</subfield>
    <subfield code="o">AGR SEA 2017 B644 Or.4</subfield>
    <subfield code="p">A43962</subfield>
    <subfield code="r">2020-11-03</subfield>
    <subfield code="s">2020-10-07</subfield>
    <subfield code="w">2019-08-23</subfield>
    <subfield code="y">AGR</subfield>
  </datafield>
  <datafield tag="952" ind1=" " ind2=" ">
    <subfield code="0">0</subfield>
    <subfield code="1">0</subfield>
    <subfield code="2">ddc</subfield>
    <subfield code="4">0</subfield>
    <subfield code="6">AGR_SEA_2017_000000000000000_B644_OR_5</subfield>
    <subfield code="7">0</subfield>
    <subfield code="9">81288</subfield>
    <subfield code="a">LBB</subfield>
    <subfield code="b">LBB</subfield>
    <subfield code="c">B644</subfield>
    <subfield code="d">2019-08-23</subfield>
    <subfield code="l">3</subfield>
    <subfield code="o">AGR SEA 2017 B644 Or.5</subfield>
    <subfield code="p">A43732</subfield>
    <subfield code="r">2021-12-13</subfield>
    <subfield code="s">2021-11-22</subfield>
    <subfield code="w">2019-08-23</subfield>
    <subfield code="y">AGR</subfield>
  </datafield>
  <datafield tag="952" ind1=" " ind2=" ">
    <subfield code="0">0</subfield>
    <subfield code="1">0</subfield>
    <subfield code="2">ddc</subfield>
    <subfield code="4">0</subfield>
    <subfield code="6">AGR_SEA_2017_000000000000000_B644_OR_6</subfield>
    <subfield code="7">0</subfield>
    <subfield code="9">81289</subfield>
    <subfield code="a">LBB</subfield>
    <subfield code="b">LBB</subfield>
    <subfield code="c">B644</subfield>
    <subfield code="d">2019-08-23</subfield>
    <subfield code="l">2</subfield>
    <subfield code="o">AGR SEA 2017 B644 Or.6</subfield>
    <subfield code="p">A43882</subfield>
    <subfield code="r">2022-02-14</subfield>
    <subfield code="s">2022-02-14</subfield>
    <subfield code="w">2019-08-23</subfield>
    <subfield code="y">AGR</subfield>
  </datafield>
</record>
